[Event "Stay Safe Play From Home 300"]
[Site "Emanuel Lasker Arena"]
[Date "2020.07.13"]
[Round "1"]
[White "Weltszmerc"]
[Black "Greblah"]
[Result "0-1"]
[WhiteElo "2004"]
[BlackElo "1924"]
[Annotator "TA"]
[PlyCount "113"]
[EventDate "2020.07.13"]
[EventType "swiss (blitz)"]

{[%evp 9,113,0,6,-17,-6,-21,0,0,0,-3,41,9,22,-8,-2,0,16,-55,4,5,8,-102,-95,-127,-14,-75,-22,-16,15,-106,24,20,105,55,52,50,77,82,112,100,133,133,133,-312,-314,-314,-314,-436,-340,-395,-394,-382,-377,-415,-396,-406,-219,-498,-495,-478,-470,-612,-598,-682,-675,-667,-646,-5106,-5106,-5097,-5097,-29974,-29974,-29981,-5335,-29981,-29982,-29989,-29990,-29991,-29989,-29989,-29990,-29990,-29991,-29991,-29992,-29992,-29993,-29993,-29993,-29993,-29993,-29993,-29992,-29993,-29993,-29994,-29993,-29995,-29996,-29996,-29996,-29997,-29998,-29998]} 1. d4 c6 2. c4 d5 3. Nf3 Nf6 4. g3 Bf5 5. Qb3 Qb6 6. c5 {D11: Slav Defence: 3 Nf3 sidelines and 3...Nf6 4 e3 Bg4.} Qxb3 7. axb3 Nbd7 8. b4 {The position is equal.} a6 {[#]} 9. Nbd2 $146 ({Predecessor:} 9. Nc3 Rd8 10. Bg2 g6 11. O-O Bg7 12. Nh4 Be6 13. f4 Ng4 14. Nf3 f6 15. h3 {½-½ (54) Arngrimsson,D (2390)-Matviishen,V (2190) Albena 2014}) 9... Ne4 10. Nb3 h6 11. h3 g5 12. g4 Bg6 13. Na5 ({White should play} 13. h4 $11) 13... Rb8 ({Black should try} 13... O-O-O $15) 14. h4 $11 {[%cal Rh4g5]} Bg7 15. h5 (15. hxg5 $11 Nxg5 16. Bxg5 hxg5 17. Rxh8+ Bxh8 18. e3) 15... Bh7 $17 16. e3 e5 (16... f5 $1 $17 {[%cal Rf5g4]} 17. gxf5 O-O) 17. Be2 (17. Bxa6 $11 bxa6 18. Nxc6) 17... exd4 (17... f6 $17) 18. Nxd4 $11 Ne5 19. O-O {[#]} (19. Rg1 $11) 19... Nf6 (19... f5 $1 $17 {[%mdl 512]} 20. gxf5 (20. Nxf5 Bxf5) 20... O-O) 20. f3 Bd3 (20... O-O $11 {keeps the balance.}) 21. Kg2 Bxe2 22. Nxe2 Kd7 23. Rd1 Rhe8 24. Nd4 Ng8 25. Nf5 Bf8 26. Nc4 $2 {[%mdl 8192] This costs White the game.} (26. Bd2 $16 {stays on course.}) 26... Nxc4 $19 27. b3 Ne5 28. e4 Ne7 29. Nxe7 Kxe7 ({Resist} 29... Bxe7 30. exd5 cxd5 31. Rxd5+ Ke6 32. Rd2 $19) 30. exd5 cxd5 31. Rxd5 f6 32. Bb2 Red8 (32... Rbd8 $142 33. Rad1 Rxd5 34. Rxd5 Ke6) 33. Rxd8 $2 (33. Bxe5 fxe5 34. Rxe5+ Kf7 35. f4) 33... Rxd8 (33... Kxd8 $2 34. Bxe5 fxe5 35. Re1 $19) 34. Bxe5 fxe5 {[%mdl 4096] Endgame KRB-KR} 35. Re1 Ke6 36. Re2 Rd3 37. Rb2 Bg7 38. Kf2 {[#]} e4 $1 39. Re2 {[#]} (39. fxe4 Bxb2) 39... e3+ $1 40. Kg2 (40. Rxe3+ Rxe3) 40... Bc3 41. Kh3 Bd2 (41... Bxb4 $142 42. Kg3 Ke5 43. Rc2 Bd2 44. Rc4 Rd4 45. c6 Rxc4 46. cxb7 {[#]} Rb4 $1 {[%mdl 576] Double Attack} 47. Kg2 e2 48. b8=B+ Rxb8 49. f4+ gxf4 50. Kh3 e1=Q 51. Kh2 Rxb3 52. Kg2 Rg3+ {[%mdl 64] Double Attack} 53. Kh2 Qg1#) 42. Kg2 Ke5 {Black mates.} 43. Kh3 Kf4 44. Kg2 Rxb3 45. c6 bxc6 46. b5 cxb5 47. Kh2 a5 48. Rg2 a4 49. Rg1 a3 50. Ra1 b4 {[%cal Bb5b4,Bb4b3][%mdl 32]} 51. Kh3 Rb2 52. Rg1 a2 53. Ra1 b3 54. Rh1 Rb1 55. Rg1 a1=Q 56. Re1 Rxe1 57. Kg2 {Accuracy: White = 36%, Black = 54%.} 0-1

[Event "Stay Safe Play From Home 300"]
[Site "Emanuel Lasker Arena"]
[Date "2020.07.13"]
[Round "1"]
[White "Chesstiger9"]
[Black "Tunca"]
[Result "1-0"]
[WhiteElo "1968"]
[BlackElo "1646"]
[Annotator "TA"]
[PlyCount "45"]
[EventDate "2020.07.13"]
[EventType "swiss (blitz)"]

{[%evp 17,45,-8,-14,-10,-2,-6,16,0,0,0,6,-22,-27,-26,-28,-42,-10,-41,-33,-85,50,8,49,23,38,46,445,439,426,429]} 1. c4 e5 2. Nc3 Nf6 3. g3 d5 4. cxd5 Nxd5 5. Bg2 Be6 6. Nf3 Nc6 7. O-O Be7 8. d3 O-O 9. Bd2 {9.a3 is not played anymore.} Qd7 10. Nxd5 {A29: English Opening: Four Knights Variation with 4 g3.} Bxd5 11. Bc3 {[#]} Bd6 $146 ({Predecessor:} 11... f6 12. Nd2 Rfd8 13. Bxd5+ Qxd5 14. Qb3 Qxb3 15. Nxb3 Rd5 16. f4 Re8 17. Kg2 Bb4 18. fxe5 Bxc3 19. bxc3 Nxe5 {½-½ (60) Williams,S (2506)-Romero Holmes,A (2501) Dublin 2012}) 12. a3 {[%cal Ba2a3,Ba3a4,Ba4a5,Ba5a6,Ba6b7][%mdl 32] The position is equal.} Rfe8 13. b4 Rad8 14. b5 Nd4 15. Bxd4 exd4 16. a4 Qg4 17. Qc2 c6 18. Rfc1 (18. Rfb1 $1 $15) 18... Bc7 (18... Bb4 $17) 19. bxc6 Bxc6 20. a5 Qe6 21. a6 {[#] Threatens to win with axb7.} Qxe2 $2 {[%mdl 8192]} ({Black should play} 21... Bb6 $14) 22. Qxe2 $18 Rxe2 23. axb7 {Accuracy: White = 60%, Black = 44%.} 1-0

[Event "Stay Safe Play From Home 300"]
[Site "Emanuel Lasker Arena"]
[Date "2020.07.13"]
[Round "1"]
[White "Haris kollari 13"]
[Black "Klasman"]
[Result "1-0"]
[WhiteElo "1918"]
[BlackElo "1590"]
[Annotator "NA RC"]
[PlyCount "83"]
[EventDate "2020.07.13"]
[EventType "swiss (blitz)"]

1. e4 {[%emt 0:00:02]} f5 {[%emt 0:00:01]} 2. e5 {[%emt 0:00:02]} d6 {[%emt 0:00:02]} 3. f4 {[%emt 0:00:01]} Nc6 {[%emt 0:00:01]} 4. Nf3 {[%emt 0:00:03]} e6 {[%emt 0:00:01]} 5. d4 {[%emt 0:00:01]} Nge7 {[%emt 0:00:04]} 6. Bb5 {[%emt 0:00:02]} d5 {[%emt 0:00:02]} 7. Be3 {[%emt 0:00:02]} a6 {[%emt 0:00:01]} 8. Ba4 {[%emt 0:00:01]} b5 {[%emt 0:00:01]} 9. Bb3 {[%emt 0:00:01]} a5 {[%emt 0:00:01]} 10. c3 {[%emt 0:00:01]} a4 {[%emt 0:00:01]} 11. Bc2 {[%emt 0:00:01]} b4 {[%emt 0:00:02]} 12. Nbd2 {[%emt 0:00:04]} Ba6 {[%emt 0:00:01]} 13. Bxa4 {[%emt 0:00:03]} Be2 {[%emt 0:00:13]} 14. Kxe2 {[%emt 0:00:02]} Rxa4 {[%emt 0:00:02]} 15. Qxa4 {[%emt 0:00:02]} g6 {[%emt 0:00:02]} 16. cxb4 {[%emt 0:00:01]} Bg7 {[%emt 0:00:03]} 17. a3 {[%emt 0:00:01]} Kf7 {[%emt 0:00:01]} 18. Rac1 {[%emt 0:00:02]} Qd7 {[%emt 0:00:02]} 19. Rc5 {[%emt 0:00:07]} Rb8 {[%emt 0:00:07]} 20. b3 {[%emt 0:00:08]} Rb7 {[%emt 0:00:03]} 21. Rhc1 {[%emt 0:00:02]} Ra7 {[%emt 0:00:02]} 22. Qb5 {[%emt 0:00:06]} Rxa3 {[%emt 0:00:10]} 23. Rxc6 {[%emt 0:00:02]} Nxc6 {[%emt 0:00:02]} 24. Qxc6 {[%emt 0:00:01]} Qxc6 {[%emt 0:00:03]} 25. Rxc6 {[%emt 0:00:01]} Ra7 {[%emt 0:00:01]} 26. Ng5+ {[%emt 0:00:03]} Ke7 {[%emt 0:00:02]} 27. Rxe6+ {[%emt 0:00:02]} Kd7 {[%emt 0:00:04]} 28. Ndf3 {[%emt 0:00:04]} h6 {[%emt 0:00:02]} 29. Rxg6 {[%emt 0:00:04]} Ra2+ {[%emt 0:00:07]} 30. Bd2 {[%emt 0:00:03]} Bf8 {[%emt 0:00:05]} 31. Nf7 {[%emt 0:00:07]} Bxb4 {[%emt 0:00:03]} 32. Rxh6 {[%emt 0:00:02]} Rb2 {[%emt 0:00:07]} 33. Rf6 {[%emt 0:00:02]} Rxb3 {[%emt 0:00:02]} 34. Bxb4 {[%emt 0:00:02]} Rxb4 {[%emt 0:00:01]} 35. Rxf5 {[%emt 0:00:01]} Rb2+ {[%emt 0:00:01]} 36. Nd2 {[%emt 0:00:01]} c5 {[%emt 0:00:10]} 37. dxc5 {[%emt 0:00:02]} Kc6 {[%emt 0:00:01]} 38. Rf6+ {[%emt 0:00:04]} Kxc5 {[%emt 0:00:01]} 39. e6 {[%emt 0:00:01]} d4 {[%emt 0:00:09]} 40. e7 {[%emt 0:00:01]} d3+ {[%emt 0:00:01]} 41. Kxd3 {[%emt 0:00:01]} Rxd2+ {[%emt 0:00:01]} 42. Kxd2 {[%emt 0:00:01] Klasman resigns (Lag: Av=0.49s, max=1.0s)} 1-0

[Event "Stay Safe Play From Home 300"]
[Site "Emanuel Lasker Arena"]
[Date "2020.07.13"]
[Round "1"]
[White "Ironmike"]
[Black "Lazieri3"]
[Result "0-1"]
[WhiteElo "1876"]
[BlackElo "1937"]
[Annotator "TA"]
[PlyCount "90"]
[EventDate "2020.07.13"]
[EventType "swiss (blitz)"]
[WhiteTeam "SV Horst-Emscher I"]

{[%evp 11,90,-8,-7,-12,12,25,247,247,263,258,423,347,364,288,360,223,218,178,183,139,171,144,250,146,238,172,187,170,281,39,146,-111,244,234,233,231,252,214,310,208,407,413,1211,1205,1118,790,790,790,1636,224,219,219,217,-708,-694,-700,-675,-633,-570,-982,-911,-6230,-5784,-29986,-29969,-29990,-29972,-29991,-29972,-29970,-29971,-29990,-29991,-29992,-29993,-29993,-29994,-29994,-29992,-29993,-4954]} 1. e4 c6 2. d4 d5 3. exd5 cxd5 4. Nf3 Nc6 5. Nc3 Nf6 6. Bb5 Bg4 7. Qd3 {B13: Caro-Kann: Exchange Variation and Panov-Botvinnik Attack.} e6 8. Ne5 {[#]} Bh5 $146 (8... Qc8 $11 {and Black has nothing to worry.}) ({Predecessor:} 8... Bf5 9. Nxc6 Bxd3 10. Nxd8+ Bxb5 11. Nxb7 Ba6 12. Nc5 Bxc5 13. dxc5 Rc8 14. b4 Bc4 {1-0 (42) Skworzvov,I (1737)-Ahlberg,G (1855) Bad Bevensen 2010}) 9. Nxc6 $18 {White is clearly better.} bxc6 10. Bxc6+ {[%mdl 64] Double Attack} Ke7 $2 (10... Nd7 11. Bxa8 Qxa8) 11. Bxa8 Qxa8 12. O-O Bg6 13. Qd2 Kd7 14. a3 Bd6 15. Re1 Rb8 16. Qe2 Ke8 (16... Qc6 $16 17. f3 h6) 17. Bg5 (17. Nb5 $18 Qc6 18. Nxd6+ Qxd6 19. a4) 17... Be7 (17... Rxb2 $16 18. Bxf6 gxf6) 18. Bxf6 Bxf6 19. Rac1 Bxd4 (19... Qc6 {might work better.} 20. Qf3 Kf8) 20. Rb1 $2 (20. Nb5 $18 Bb6 21. c4 dxc4 22. Qxc4 (22. Rxc4 Kf8 $16)) 20... Qc6 ({Better is} 20... Kf8 $14) 21. Na2 $2 {[%mdl 8192]} (21. Qd2 $16 Qc4 22. Qf4) 21... Bxb2 $2 {[%mdl 8192]} (21... Qxc2 $17 {and life is bright.} 22. Qxc2 Bxc2) 22. Nb4 Rxb4 23. axb4 {[%cal Ba3b4,Bb4b5][%mdl 32]} Bc3 24. Red1 h6 (24... Qc4 {keeps fighting.} 25. Qxc4 dxc4) 25. b5 Qc7 $2 (25... Qc5 26. Rb3 Be4) 26. Rxd5 Bxc2 (26... Kf8 $142) 27. Rc1 Bg6 {[#]} 28. b6 $1 axb6 29. Qb5+ Ke7 {[#]} 30. Qb4+ $2 (30. Rxc3 $1 {[%mdl 512]} Qb7 (30... Qxc3 31. Qd7+) 31. Qb4+ Ke8 32. Rdc5 bxc5 33. Qxb7 Kf8 34. Qc8+ {[%mdl 64] Double Attack} Ke7 35. Qxc5+ Kf6 36. Qd4+ e5 37. Rc6+ Kg5 38. Qxe5+ {[%mdl 64] Double Attack} Bf5 39. Qxg7+ Kf4 40. Rc5 h5 41. Qg3+ Ke4 42. Qe3#) 30... Bxb4 31. Rxc7+ Kf6 32. Rc1 $4 {[%mdl 8192]} (32. Rdd7 $18) 32... exd5 $19 33. Rc6+ Ke5 34. Rxb6 Bc3 35. Rb3 d4 36. f3 Bc2 37. Rb7 d3 {Black mates.} 38. Rd7 d2 39. Kf2 d1=Q 40. Rxd1 Bxd1 41. g4 Kf4 42. h4 Bxf3 43. g5 hxg5 44. hxg5 Bd4+ 45. Kf1 Kxg5 {Accuracy: White = 20%, Black = 27%.} (45... Kg3 $142 46. Ke1 Bc3+ 47. Kf1 g6 48. Kg1 Be2 49. Kh1 Bh8 50. Kg1 Bd4+ 51. Kh1 Bf3#) 0-1

[Event "Stay Safe Play From Home 300"]
[Site "Emanuel Lasker Arena"]
[Date "2020.07.13"]
[Round "1"]
[White "Lucknow"]
[Black "Mepe_Nika"]
[Result "1-0"]
[WhiteElo "1833"]
[BlackElo "2431"]
[Annotator "TA"]
[PlyCount "117"]
[EventDate "2020.07.13"]
[EventType "swiss (blitz)"]

{[%evp 17,117,7,31,0,22,33,21,-85,0,0,0,-16,30,0,75,-1,-5,-3,-2,-5,-6,0,179,187,882,867,1368,1340,1304,627,1214,1207,1173,1019,1217,1208,1224,1220,1199,1193,1277,1297,1365,1359,1352,1267,1319,1304,1706,1598,1509,1475,5089,1339,29992,29993,29993,2398,5461,1436,6249,2283,2165,2085,3217,3098,29989,29985,29991,29988,29998,29992,29992,29992,29992,12839,12839,12839,12840,12840,1195,1185,29989,29990,29990,29991,29991,29991,29991,29991,29990,29991,29991,29992,29992,29993,29994,29995,29995,29996,29997,6233]} 1. d4 d5 2. c4 c6 3. Nc3 Nf6 4. Nf3 e6 5. e3 Nbd7 6. Bd3 dxc4 7. Bxc4 b5 8. Bd3 Bd6 9. O-O O-O 10. Qe2 {D47: Semi-Slav: Meran System.} Bb7 11. e4 e5 12. d5 (12. Nxe5 $11 {keeps the balance.} Nxe5 13. dxe5 Bxe5 14. Be3) 12... a6 (12... cxd5 $17 {And now ...Nc5 would win.} 13. Bg5 h6 14. Bxf6 Nxf6) 13. dxc6 $11 Bxc6 14. Rd1 {[#]} Be7 $146 ({Predecessor:} 14... Qe7 15. Bg5 h6 16. Bh4 Qe6 17. a4 Nc5 18. Bxf6 Qxf6 19. axb5 axb5 20. Bxb5 Bxb5 21. Nxb5 Rad8 22. b4 Nb3 23. Ra6 {1-0 (23) Franzen,P (1908)-Kharraziha,H (1490) Lund 2017}) 15. Nd5 h6 (15... Bxd5 $11 {remains equal.} 16. exd5 Bc5) 16. a3 ({White should try} 16. Nxe7+ $16 Qxe7 17. Nh4) 16... Nxd5 17. exd5 Bxd5 {[#]} 18. Bh7+ $1 {[%mdl 576] Discovered Attack} Kxh7 19. Rxd5 Ra7 $2 {White leaves nothing to chance now.} (19... Qe8 $1 $11) 20. Nxe5 Kg8 $2 (20... Nxe5 21. Rxd8 Rxd8 22. Bxh6 Rad7) 21. Nc6 $18 {[%mdl 64] Double Attack, Discovered Attack} Nf6 22. Rxd8 Rxd8 23. Nxe7+ Kf8 24. Nc6 Re8 25. Qd1 Rb7 26. Be3 Kg8 27. Nb4 Rd7 28. Qf3 Red8 29. h3 a5 30. Nc6 Rc8 31. Ne5 Rdc7 32. Rd1 b4 33. axb4 axb4 34. b3 Rc3 35. Qb7 Re8 36. Qxf7+ Kh8 {[#]} 37. Qb7 (37. Bxh6 $142 $1 Rg8 {[#]} (37... gxh6 38. Ng6#) 38. Bxg7+ $1 {[%mdl 576] Remove Defender} Rxg7 39. Qxf6 Rc8 40. Rd7 Rc1+ 41. Kh2 Rh1+ 42. Kxh1 Kh7 43. Qxg7#) 37... Kh7 38. Qxb4 Rec8 39. Bd4 R3c7 40. Qd2 Kh8 41. Ng6+ Kg8 42. b4 Nh7 43. Bc5 Rc6 44. Ne7+ Kf7 45. Nxc6 Nf6 46. Qd5+ (46. Qa2+ $142 Kg6 47. Ne7+ Kh7 48. Nxc8 h5 49. Ne7 Kh8 50. Rd8+ Kh7 51. Qc2+ Ne4 52. Qxe4+ Kh6 53. Qg6#) 46... Nxd5 47. Rxd5 {White wants to mate with Rf5+.} Rxc6 {[%mdl 4096] Endgame KRB-KR} 48. Rd7+ Ke6 49. Rxg7 {Threatens to win with Rg6+.} Rd6 50. Rg6+ {[%mdl 64] Double Attack. White mates.} Kd5 51. Rxd6+ Kc4 52. Rxh6 Kb5 53. Rg6 Kc4 54. h4 Kb5 55. h5 Kc4 56. h6 Kb5 57. h7 Kc4 58. h8=Q Kb5 59. Qh4 {Accuracy: White = 54%, Black = 33%.} (59. Qg8 $142 Ka4 60. Qa2+ Kb5 61. Rb6#) 1-0

[Event "Stay Safe Play From Home 300"]
[Site "Emanuel Lasker Arena"]
[Date "2020.07.13"]
[Round "1"]
[White "Timbre"]
[Black "Sfantul321"]
[Result "0-1"]
[WhiteElo "1521"]
[BlackElo "2021"]
[Annotator "NA RC"]
[PlyCount "50"]
[EventDate "2020.07.13"]
[EventType "swiss (blitz)"]

1. d4 {[%emt 0:00:09]} Nf6 {[%emt 0:00:01]} 2. Nf3 {[%emt 0:00:04]} b6 {[%emt 0:00:02]} 3. c3 {[%emt 0:00:01]} Bb7 {[%emt 0:00:01]} 4. Bf4 {[%emt 0:00:01]} d6 {[%emt 0:00:01]} 5. e3 {[%emt 0:00:01]} g6 {[%emt 0:00:03]} 6. Be2 {[%emt 0:00:01]} Bg7 {[%emt 0:00:01]} 7. Nbd2 {[%emt 0:00:01]} O-O {[%emt 0:00:01]} 8. Qc2 {[%emt 0:00:03]} Nbd7 {[%emt 0:00:01]} 9. O-O {[%emt 0:00:02]} Re8 {[%emt 0:00:01]} 10. a3 {[%emt 0:00:02]} e5 {[%emt 0:00:01]} 11. dxe5 {[%emt 0:00:02]} dxe5 {[%emt 0:00:00]} 12. Bg3 {[%emt 0:00:02]} c5 {[%emt 0:00:01]} 13. Rad1 {[%emt 0:00:04]} e4 {[%emt 0:00:01]} 14. Ne1 {[%emt 0:00:03]} Qe7 {[%emt 0:00:01]} 15. Nc4 {[%emt 0:00:01]} Bc6 {[%emt 0:00:05]} 16. Bd6 {[%emt 0:00:09]} Qe6 {[%emt 0:00:02]} 17. Bg3 {[%emt 0:00:07]} Bd5 {[%emt 0:00:02]} 18. Nd2 {[%emt 0:00:03]} c4 {[%emt 0:00:03]} 19. b3 {[%emt 0:00:03]} cxb3 {[%emt 0:00:02]} 20. Nxb3 {[%emt 0:00:03]} Bxb3 {[%emt 0:00:02]} 21. Qb2 {[%emt 0:00:08]} Bxd1 {[%emt 0:00:02]} 22. Bxd1 {[%emt 0:00:01]} Nd5 {[%emt 0:00:02]} 23. Bb3 {[%emt 0:00:02]} Nc5 {[%emt 0:00:02]} 24. c4 {[%emt 0:00:02]} Bxb2 {[%emt 0:00:03]} 25. cxd5 {[%emt 0:00:02]} Qd7 {[%emt 0:00:01] Timbre resigns (Lag: Av=0.25s, max=0.7s)} 0-1

[Event "Stay Safe Play From Home 300"]
[Site "Emanuel Lasker Arena"]
[Date "2020.07.13"]
[Round "2"]
[White "Weltszmerc"]
[Black "Timbre"]
[Result "1-0"]
[WhiteElo "1983"]
[BlackElo "1519"]
[Annotator "TA"]
[PlyCount "65"]
[EventDate "2020.07.13"]
[EventType "swiss (blitz)"]

{[%evp 9,65,8,10,-18,-15,-14,12,17,16,19,25,24,25,27,31,35,45,40,56,55,76,71,286,275,273,284,326,330,324,263,248,176,361,357,335,353,757,163,162,166,145,58,58,69,65,52,73,70,86,66,64,64,334,318,749,341,420,303]} 1. d4 d5 2. c4 c6 3. Nf3 Nf6 4. g3 Bf5 5. Qb3 Qb6 6. c5 {D11: Slav Defence: 3 Nf3 sidelines and 3...Nf6 4 e3 Bg4.} Qxb3 7. axb3 e6 8. Nc3 {The position is equal.} Nbd7 9. b4 Be7 10. b5 O-O 11. bxc6 bxc6 12. Ra6 {[#]} Rfc8 $146 ({Predecessor:} 12... Nb8 13. Ra5 Bd8 14. Ra3 Nbd7 15. Bf4 Nh5 16. Bd6 Re8 17. e3 Be7 18. Bxe7 Rxe7 {1-0 (31) Perez Reclusa,J-Otazu Ojer,I Spain 1998}) 13. Bg2 Ne4 14. O-O Nxc3 15. bxc3 Nf6 $2 {[#]} (15... Nb8 $16 {keeps fighting.} 16. Ra4 Nd7) 16. Ne5 $18 Ne4 17. Nxc6 Rxc6 18. Rxc6 Nxc3 19. Bf3 Bf6 20. e3 h6 $2 {[#]} (20... Bd3 21. Re1 Bd8) 21. Bd2 Ne4 22. Ba5 Nd2 $2 (22... e5 23. Rd1 exd4 24. exd4 Bd7) 23. Be2 $2 (23. Bxd2 Bd3 24. Rc1) 23... Nxf1 24. Kxf1 ({Don't play} 24. Bxf1 $6 Rb8 $11) 24... e5 25. dxe5 (25. Rd6 $16) 25... Bxe5 $14 26. f4 Bf6 27. Bf3 Be4 28. Bxe4 dxe4 29. Ra6 Rc8 30. c6 g5 $2 {[%mdl 8192]} ({Black should try} 30... Kf8 $14) 31. c7 $18 Bg7 $2 (31... Be7 32. Rxh6 gxf4 33. exf4 Kg7) 32. Rxa7 (32. Rd6 $142 {Hoping for Rd8+.} Kh7 33. Rd8 Rxc7 34. Bxc7) 32... gxf4 33. gxf4 {Accuracy: White = 56%, Black = 37%.} 1-0

[Event "Stay Safe Play From Home 300"]
[Site "Emanuel Lasker Arena"]
[Date "2020.07.13"]
[Round "2"]
[White "Chesstiger9"]
[Black "Lucknow"]
[Result "1-0"]
[WhiteElo "1972"]
[BlackElo "1866"]
[Annotator "TA"]
[PlyCount "41"]
[EventDate "2020.07.13"]
[EventType "swiss (blitz)"]

{[%evp 13,41,25,26,21,21,22,32,37,44,15,15,19,30,-5,0,0,82,85,97,80,91,91,585,108,135,141,494,218,835,835]} 1. c4 c6 2. Nc3 d5 3. cxd5 cxd5 4. d4 Nf6 5. Bg5 Nc6 6. Nf3 e6 7. e3 Be7 8. a3 {D13: Slav Defence: Exchange variation without ...Bf5.} O-O 9. Bd3 a6 10. Rc1 {White is slightly better.} Bd7 11. Qc2 h6 {[#]} 12. Bh4 $146 ({Predecessor:} 12. Bxf6 Bxf6 13. h4 Be7 14. g4 Qe8 15. Ke2 Bd6 16. Rcg1 g6 17. Nd2 Kg7 18. Kd1 {1-0 (32) Oehne,I (1873)-Tenninger,M (1746) Verden 2008}) 12... b5 13. b4 Rc8 14. O-O Ne4 (14... a5 $11 15. Bxb5 axb4 16. axb4 g5) 15. Bxe7 $16 Qxe7 16. Bxe4 ({And not} 16. Nxe4 Nxb4 17. Qb3 Rxc1 $15) 16... dxe4 17. Qxe4 Rc7 $2 {[%mdl 8192] [#]} (17... a5 $16 {is a better chance.}) 18. Rc2 $2 (18. Nd5 $1 $18 {[%mdl 512] and the rest is easy.} Qd8 (18... exd5 19. Qxe7) 19. Nxc7 Qxc7 20. Ne5) 18... Rfc8 {intending ...Nxb4.} 19. Rfc1 {Strongly threatening Nd5!} g6 $2 {[%mdl 8192] [#]} (19... Qd8 $16 20. d5 Nb8) 20. h3 (20. Nd5 $142 $1 {[%mdl 512]} exd5 21. Qxe7 Nxe7 22. Rxc7) 20... e5 $2 (20... Qd8 21. Ne2 Ne7 22. Rxc7 Rxc7) 21. Nd5 {[%mdl 64] Double Attack. Accuracy: White = 49%, Black = 35%.} 1-0

[Event "Stay Safe Play From Home 300"]
[Site "Emanuel Lasker Arena"]
[Date "2020.07.13"]
[Round "2"]
[White "Lazieri3"]
[Black "Haris kollari 13"]
[Result "0-1"]
[WhiteElo "1951"]
[BlackElo "1923"]
[Annotator "NA RC"]
[PlyCount "122"]
[EventDate "2020.07.13"]
[EventType "swiss (blitz)"]

1. e4 {[%emt 0:00:01]} e6 {[%emt 0:00:01]} 2. Nc3 {[%emt 0:00:00]} d5 {[%emt 0:00:01]} 3. exd5 {[%emt 0:00:04]} exd5 {[%emt 0:00:01]} 4. d4 {[%emt 0:00:01]} Bb4 {[%emt 0:00:01]} 5. Bd2 {[%emt 0:00:01]} Bf5 {[%emt 0:00:06]} 6. Nf3 {[%emt 0:00:06]} Nf6 {[%emt 0:00:01]} 7. Be2 {[%emt 0:00:17]} O-O {[%emt 0:00:01]} 8. O-O {[%emt 0:00:01]} Re8 {[%emt 0:00:01]} 9. h3 {[%emt 0:00:01]} Nc6 {[%emt 0:00:03]} 10. a3 {[%emt 0:00:04]} Bxc3 {[%emt 0:00:05]} 11. Bxc3 {[%emt 0:00:01]} Ne4 {[%emt 0:00:03]} 12. Bd3 {[%emt 0:00:05]} Nxc3 {[%emt 0:00:05]} 13. bxc3 {[%emt 0:00:00]} Be4 {[%emt 0:00:03]} 14. Nd2 {[%emt 0:00:04]} Qg5 {[%emt 0:00:08]} 15. Nxe4 {[%emt 0:00:07]} dxe4 {[%emt 0:00:01]} 16. Bc4 {[%emt 0:00:01]} Re7 {[%emt 0:00:08]} 17. Re1 {[%emt 0:00:01]} Rae8 {[%emt 0:00:03]} 18. Qg4 {[%emt 0:00:01]} Qxg4 {[%emt 0:00:02]} 19. hxg4 {[%emt 0:00:00]} a6 {[%emt 0:00:02]} 20. Bd5 {[%emt 0:00:04]} Na5 {[%emt 0:00:03]} 21. Rab1 {[%emt 0:00:03]} c6 {[%emt 0:00:02]} 22. Ba2 {[%emt 0:00:02]} b5 {[%emt 0:00:01]} 23. a4 {[%emt 0:00:06]} Kf8 {[%emt 0:00:08]} 24. axb5 {[%emt 0:00:02]} axb5 {[%emt 0:00:01]} 25. Ra1 {[%emt 0:00:01]} Nb7 {[%emt 0:00:01]} 26. Bb3 {[%emt 0:00:07]} Nd6 {[%emt 0:00:01]} 27. Ra6 {[%emt 0:00:02]} Rc7 {[%emt 0:00:04]} 28. d5 {[%emt 0:00:02]} Rec8 {[%emt 0:00:10]} 29. Kf1 {[%emt 0:00:17]} g6 {[%emt 0:00:01]} 30. Re3 {[%emt 0:00:11]} f5 {[%emt 0:00:01]} 31. gxf5 {[%emt 0:00:01]} gxf5 {[%emt 0:00:01]} 32. Rh3 {[%emt 0:00:02]} Kg7 {[%emt 0:00:02]} 33. Rg3+ {[%emt 0:00:09]} Kf6 {[%emt 0:00:01]} 34. Rh3 {[%emt 0:00:05]} Ke5 {[%emt 0:00:05]} 35. dxc6 {[%emt 0:00:05]} Rxc6 {[%emt 0:00:02]} 36. Rxc6 {[%emt 0:00:04]} Rxc6 {[%emt 0:00:01]} 37. Rxh7 {[%emt 0:00:00]} Rxc3 {[%emt 0:00:02]} 38. Ke2 {[%emt 0:00:03]} Rc6 {[%emt 0:00:10]} 39. Re7+ {[%emt 0:00:03]} Kf6 {[%emt 0:00:01]} 40. Re6+ {[%emt 0:00:01]} Kg5 {[%emt 0:00:03]} 41. g3 {[%emt 0:00:02]} Rb6 {[%emt 0:00:06]} 42. Re5 {[%emt 0:00:09]} Nb7 {[%emt 0:00:09]} 43. Re8 {[%emt 0:00:17]} Na5 {[%emt 0:00:03]} 44. Ke3 {[%emt 0:00:01]} Nxb3 {[%emt 0:00:03]} 45. cxb3 {[%emt 0:00:00]} Rc6 {[%emt 0:00:00]} 46. Rg8+ {[%emt 0:00:01]} Kf6 {[%emt 0:00:01]} 47. Rf8+ {[%emt 0:00:01]} Ke6 {[%emt 0:00:01]} 48. Kf4 {[%emt 0:00:01]} Rc3 {[%emt 0:00:02]} 49. Re8+ {[%emt 0:00:01]} Kd7 {[%emt 0:00:03]} 50. Rb8 {[%emt 0:00:00]} Rf3+ {[%emt 0:00:02]} 51. Ke5 {[%emt 0:00:00]} Rxb3 {[%emt 0:00:01]} 52. Kxf5 {[%emt 0:00:00]} Kc6 {[%emt 0:00:02]} 53. Kxe4 {[%emt 0:00:01]} Kc7 {[%emt 0:00:01]} 54. Rg8 {[%emt 0:00:02]} Rc3 {[%emt 0:00:01]} 55. Rg7+ {[%emt 0:00:00]} Kc6 {[%emt 0:00:01]} 56. f4 {[%emt 0:00:00]} b4 {[%emt 0:00:01]} 57. f5 {[%emt 0:00:00]} Rc4+ {[%emt 0:00:01]} 58. Ke5 {[%emt 0:00:01]} Rc5+ {[%emt 0:00:01]} 59. Ke6 {[%emt 0:00:00]} b3 {[%emt 0:00:01]} 60. f6 {[%emt 0:00:00]} Rc2 {[%emt 0:00:02]} 61. f7 {[%emt 0:00:00]} Rf2 {[%emt 0:00:01] Time (Lag: Av=0.53s, max=1.3s)} 0-1